| 000 | 00490nam a22001577a 4500 | ||
|---|---|---|---|
| 008 | 230316b |||||||| |||| 00| 0 eng d | ||
| 040 |
_aNational Science Library _cNational Science Library |
||
| 080 |
_aD 541.9(091) _bK9 |
||
| 100 |
_aSpronsen, J W Van _93324 |
||
| 245 |
_aPeriodic system of chemical elements: _bHistory of the first hundred years |
||
| 260 |
_aAmsterdam: _bElsevier, _c1969 |
||
| 300 | _a368p. | ||
| 650 | _aChemistry | ||
| 653 | _aChemical elements | ||
| 942 |
_2udc _cBK |
||
| 999 |
_c9952 _d9952 |
||